000 01012cam a2200157ua 4500
041 _aeng
_h
082 _a627.84
_bIND/ME
110 1 _aIndian standards institution .
_bISI
_c()
245 _aMethods of analysis of concentration , particle size distribution and specific gravity of sediment in streams and canals /
_cIndian standards institution.
_hTextual Documents
250 _a1 /
_b.
260 _aNew Delhi :
_bIndian standards institution ,
_c1980.
300 _a35 ; .
504 _a
942 _cBK
999 _c10090
_d10090